Slovenská ekonomika v zrkadle konkurencieschopnosti
Globalizácia a priority konkurencieschopnosti. Globalizácia a multikriteriálne hodnotenie konkurencieschopnosti národných ekonomík. Poradie v hodnotení konkurencieschopnosti v rokoch 2001 a 2005. Multikriteriálne hodnotenie inovačnej výkonnosti krajín EÚ.
Salvato in:
| Autore principale: | |
|---|---|
| Natura: | Capitolo di libro |
| Lingua: | slovacco |
| Soggetti: | |
| Tags: |
Nessun Tag, puoi essere il primo ad aggiungerne!!
|
MARC
| LEADER | 00000naa$a2200000$$$4500 | ||
|---|---|---|---|
| 001 | 0070454 | ||
| 005 | 20231108130903.0 | ||
| 041 | 0 | |a slo | |
| 044 | |a SK | ||
| 245 | 1 | 0 | |a Slovenská ekonomika v zrkadle konkurencieschopnosti |c Milan Šikula |
| 520 | |a Globalizácia a priority konkurencieschopnosti. Globalizácia a multikriteriálne hodnotenie konkurencieschopnosti národných ekonomík. Poradie v hodnotení konkurencieschopnosti v rokoch 2001 a 2005. Multikriteriálne hodnotenie inovačnej výkonnosti krajín EÚ. | ||
| 610 | 2 | 0 | |a konkurencieschopnosť |
| 610 | 2 | 0 | |a Slovensko |
| 610 | 2 | 0 | |a porovnanie medzinárodné |
| 610 | 2 | 0 | |a Európska únia |
| 610 | 2 | 0 | |a globalizácia |
| 610 | 2 | 0 | |a inovácia |
| 610 | 2 | 0 | |a investovanie |
| 610 | 2 | 0 | |a podnikanie |
| 610 | 2 | 0 | |a ukazovatele hodnotové |
| 610 | 2 | 0 | |a výkonnosť ekonomiky |
| 100 | 1 | |a Šikula, Milan | |